• 首页
  • 本馆介绍
  • 公告通知
  • 最新文献
  • 馆藏检索
  • 电子资源
  • 读者导购
  • 参考咨询
  • 我的图书馆
  • 登录
  • 详细信息显示
  • 放入我的书架
  • 预约/预借图书
  • 作者相关作品
  • 分类相关作品
  • 丛书相关作品
  • 出版社相关作品

书目信息

  • 表格格式
  • 工作单格式
  • 卡片格式
题名:
公司治理结构之研究
    
 
作者: 王文钦 著
分册:  
出版信息: 北京   中国人民大学出版社  2005
页数: 315页
开本: 23cm
丛书名: 法律科学文库
单 册:
中图分类: F276.6 , F726.6
科图分类:
主题词: 公司 , 企业管理 , 公司--企业管理--研究 , 商业经济--中国
电子资源:
ISBN: 7-300-06220-2
000 01134nam0 2200325 450
000 01091nam0 2200301 450
000 01022nam0 2200277 450
000 00978nam0 2200253 45
005 20070725111501.82
010    @a7-300-06220-2@dCNY29.00
100    @a20070627d2005 em y0chiy0120 ea
101 2  @achi@ceng
102    @aCN@b110000
105    @ay z 000yy
200 1  @a公司治理结构之研究@AGong Si Zhi Li Jie Gou Zhi Yan Jiu@f王文钦著@FWang Wen Qin Zhu
210    @a北京@c中国人民大学出版社@d2005
215    @a315页@d23cm
225 2  @a法律科学文库
300    @a“十五”国家重点图书出版规划
410  0 @12001 @a法律科学文库
606 0  @a公司
606 0  @a企业管理
606 0  @a公司@x企业管理@x研究
606 0  @a商业经济@x中国
690    @aF276.6@v4
690    @aF726.6@v3
701  0 @a王文钦@AWang Wen Qin@f(1969.3~)@4著
801  0 @aCN@bTAOJIN@c20070725
905    @a10447@dF726.6@e43
提?  < font color ='#ff0000'>@a 本书作者围绕我国公司治理面临的两个根本性问题:公共性质问题和现代公司固有的代理问题,系统论述了公司治理结构的理论基础、公司治理的目标约束、股东参与公司治理的机制等问题,并论述了我国公司治理未来的发展方向。
    
    公司治理结构之研究/王文钦著.-北京:中国人民大学出版社,2005
    315页;23cm.-(法律科学文库)
    “十五”国家重点图书出版规划
    
    ISBN 7-300-06220-2:CNY29.00
    
●
相关链接 在E读中查询图书 在五车中查询图书 在当当中查询图书 在豆瓣中查询图书


正题名:公司治理结构之研究     索取号:F726.6/43         预约/预借

序号 登录号 条形码 馆藏地/架位号 状态 备注
1 0824963   208249634   第一样本阅览室/ [索取号:F726.6/43] 在馆    
2 0824964   208249643   密集书库/ [索取号:F726.6/43] 在馆    
3 0824965   208249652   第一借阅区/ [索取号:F726.6/43] 在馆    
4 0824966   208249661   第一借阅区/ [索取号:F726.6/43] 在馆    
5 0824967   208249670   密集书库/ [索取号:F726.6/43] 在馆    
6 0824968   208249689   第一借阅区/ [索取号:F726.6/43] 在馆    
7 0824969   208249698   第一借阅区/ [索取号:F726.6/43] 在馆    
8 0824970   208249705   密集书库/ [索取号:F726.6/43] 在馆    
唐山师范学院图书馆 欢迎您!
大连网信软件有限公司© 版权所有